Control, identification, and input optimization /

Guardado en:
Autor Principal: Kalaba, Robert E.
Otros Autores: Spingarn, Karl.
Formato: Libro
Idioma:English
Publicado: New York : Plenum Press, c1982.
Series:Mathematical concepts and methods in science and engineering ; 25
Materias:
Etiquetas: Agregar Etiqueta
Sin Etiquetas, Sea el primero en etiquetar este registro!
LEADER 00825pam a2200241 a 4500
001 MAT.inmabb003534
008 811222s1982####nyua#####b####001#0#eng##
005 20130313165303.0
245 1 0 |a Control, identification, and input optimization /  |c Robert Kalaba and Karl Spingarn. 
260 |a New York :  |b Plenum Press,  |c c1982. 
300 |a xi, 431 p. :  |b il. ;  |c 24 cm. 
440 0 |a Mathematical concepts and methods in science and engineering ;  |v 25 
504 |a Incluye referencias bibliográficas (p. 411-423) e índices. 
510 4 |a MR,  |c 83f:93016 
020 |a 0306408473 
100 1 |a Kalaba, Robert E. 
700 1 |a Spingarn, Karl. 
650 0 |a Control theory. 
650 0 |a System identification. 
084 |a 93B30  |2 msc2000 
010 |a  81023404  
040 |a DLC  |c DLC  |d DLC 
859 |h 93  |i K14  |p A-5823  |b BIB. MATEMATICA